[Event "Baku Bestcomp Cup active"]
[Site "Baku"]
[Date "2000.??.??"]
[Round "?"]
[White "Allahverdiyev, Anar"]
[Black "Zulfugarli, Magomed"]
[Result "1-0"]
[WhiteElo "2403"]
[BlackElo "2479"]
[PlyCount "68"]
[EventDate "2000.??.??"]
[EventType "k.o. (rapid)"]
[EventRounds "5"]
[EventCountry "AZE"]
[SourceTitle "EXT 2002"]
[Source "ChessBase"]
[SourceDate "2001.11.25"]
[SourceVersion "1"]
[SourceVersionDate "2001.11.25"]
[SourceQuality "1"]

1. c4 e5 2. g3 Nf6 3. Bg2 d5 4. cxd5 Nxd5 5. Nc3 Nb6 6. Nf3 Nc6 7. 0-0 Be7 8. b4 a6 9. Rb1 0-0 10. a4 Bf5 11. b5 axb5 12. axb5 Nd4 13. d3 f6 14. Bb2 Kh8 15. Nxd4 exd4 16. Ne4 Be6 17. Nd2 Ra2 18. Nb3 Ra4 19. Qc2 Bxb3 20. Qxb3 Rb4 21. Qa2 Rxb5 22. Bxb7 f5 23. Ba1 Rxb1 24. Qxb1 f4 25. Bf3 fxg3 26. hxg3 Bf6 27. Qb4 Re8 28. Rc1 Nd5 29. Qc4 Nc3 30. e3 h6 31. Bxc3 dxc3 32. d4 Be7 33. Rxc3 Bd6 34. e4 Qe7 1-0

[Event "Baku Bestcomp Cup active"]
[Site "Baku"]
[Date "2000.??.??"]
[Round "?"]
[White "Gasimov, Rahim"]
[Black "Allahverdiyev, Anar"]
[Result "1/2-1/2"]
[WhiteElo "2395"]
[BlackElo "2403"]
[PlyCount "59"]
[EventDate "2000.??.??"]
[EventType "k.o. (rapid)"]
[EventRounds "5"]
[EventCountry "AZE"]
[SourceTitle "EXT 2002"]
[Source "ChessBase"]
[SourceDate "2001.11.25"]
[SourceVersion "1"]
[SourceVersionDate "2001.11.25"]
[SourceQuality "1"]

1. d4 Nf6 2. Nf3 e6 3. Bg5 d5 4. e3 Be7 5. Nbd2 Nbd7 6. Bd3 b6 7. c3 Bb7 8. 0-0 Ne4 9. Bf4 g5 10. Be5 Rg8 11. Ne1 Nxe5 12. dxe5 Nxd2 13. Qxd2 h5 14. Bb5+ c6 15. Be2 Qc7 16. f4 gxf4 17. exf4 0-0-0 18. Bf3 h4 19. a4 Kb8 20. b4 f6 21. Nd3 fxe5 22. Nxe5 Bd6 23. Rfe1 Rdf8 24. a5 Rf5 25. axb6 Qxb6+ 26. Kh1 Bxe5 27. Rxe5 Rxe5 28. fxe5 h3 29. Qd4 hxg2+ 30. Bxg2 1/2-1/2

[Event "Baku Bestcomp Cup active"]
[Site "Baku"]
[Date "2000.??.??"]
[Round "?"]
[White "Rzaev, Rauf"]
[Black "Allahverdiyev, Anar"]
[Result "1/2-1/2"]
[WhiteElo "2245"]
[BlackElo "2403"]
[PlyCount "50"]
[EventDate "2000.??.??"]
[EventType "k.o. (rapid)"]
[EventRounds "5"]
[EventCountry "AZE"]
[SourceTitle "EXT 2002"]
[Source "ChessBase"]
[SourceDate "2001.11.25"]
[SourceVersion "1"]
[SourceVersionDate "2001.11.25"]
[SourceQuality "1"]

1. d4 Nf6 2. c4 e6 3. Nc3 Bb4 4. e3 Bxc3+ 5. bxc3 d6 6. Bd3 0-0 7. Ne2 Re8 8. 0-0 e5 9. Ng3 Nbd7 10. e4 c5 11. f4 cxd4 12. cxd4 exd4 13. Bb2 Nc5 14. Bxd4 Ncxe4 15. Nxe4 Nxe4 16. Qc2 Nf6 17. Rae1 Rxe1 18. Rxe1 Bd7 19. Qf2 Bc6 20. Bxa7 Ng4 21. Qe2 Rxa7 22. Qxg4 Rxa2 23. Bf1 h5 24. Qf5 g6 25. Qb1 Qa5 1/2-1/2

[Event "Baku Bestcomp Cup active"]
[Site "Baku"]
[Date "2000.??.??"]
[Round "?"]
[White "Zulfugarli, Magomed"]
[Black "Allahverdiyev, Anar"]
[Result "1/2-1/2"]
[WhiteElo "2479"]
[BlackElo "2403"]
[PlyCount "61"]
[EventDate "2000.??.??"]
[EventType "k.o. (rapid)"]
[EventRounds "5"]
[EventCountry "AZE"]
[SourceTitle "EXT 2002"]
[Source "ChessBase"]
[SourceDate "2001.11.25"]
[SourceVersion "1"]
[SourceVersionDate "2001.11.25"]
[SourceQuality "1"]

1. e4 e5 2. Nf3 Nc6 3. Bb5 a6 4. Ba4 Nf6 5. d3 d6 6. Nbd2 Bd7 7. Nf1 g6 8. Ng3 Bg7 9. c3 0-0 10. 0-0 Qe7 11. Re1 h6 12. d4 Rae8 13. d5 Nd8 14. Bxd7 Nxd7 15. c4 h5 16. h3 c5 17. a3 h4 18. Nf1 f5 19. Qc2 f4 20. b4 Nf7 21. Qe2 Nh6 22. Bd2 g5 23. N3h2 Rc8 24. f3 Bf6 25. Rec1 Qg7 26. Be1 Bd8 27. Bf2 Bb6 28. Rab1 Rc7 29. Nd2 Rfc8 30. Nb3 Qe7 31. Na5 1/2-1/2

[Event "Olympiad-33"]
[Site "Elista"]
[Date "1998.10.06"]
[Round "8.3"]
[White "Khakpoor, Abbas"]
[Black "Allahverdiyev, Anar"]
[Result "1/2-1/2"]
[WhiteElo "2290"]
[BlackElo "2455"]
[PlyCount "70"]
[EventDate "1998.09.29"]
[EventType "team-swiss"]
[EventRounds "13"]
[EventCountry "RUS"]
[SourceTitle "CBM 068"]
[Source "ChessBase"]
[SourceDate "1999.02.01"]
[SourceVersion "1"]
[SourceVersionDate "1999.02.01"]
[SourceQuality "1"]
[WhiteTeam "Iran"]
[BlackTeam "Azerbaijan"]
[WhiteTeamCountry "IRI"]
[BlackTeamCountry "AZE"]

1. e4 e5 2. Nf3 Nc6 3. Bb5 a6 4. Ba4 Nf6 5. d4 exd4 6. 0-0 Be7 7. e5 Ne4 8. Nxd4 Nxd4 9. Qxd4 Nc5 10. Nc3 0-0 11. Nd5 Nxa4 12. Qxa4 d6 13. Nxe7+ Qxe7 14. exd6 Qxd6 15. Bf4 Qg6 16. Bxc7 Bf5 17. Rfe1 Rac8 18. Qf4 Bh3 19. Qg3 Rxc7 20. Qxh3 Rxc2 21. b3 Qf6 22. Qe3 h6 23. h3 b6 24. b4 Rd8 25. a4 Rd3 26. Qe8+ Kh7 27. Rf1 Rdd2 28. Rae1 g6 29. Qe4 Kg7 30. Qe3 Rd4 31. Rb1 Rcc4 32. b5 a5 33. Rbc1 Rxa4 34. Rc6 Qf5 35. Rxb6 Rd3 1/2-1/2

[Event "Olympiad-33"]
[Site "Elista"]
[Date "1998.10.04"]
[Round "6.3"]
[White "Heidenfeld, Mark"]
[Black "Allahverdiyev, Anar"]
[Result "1/2-1/2"]
[WhiteElo "2335"]
[BlackElo "2455"]
[PlyCount "33"]
[EventDate "1998.09.29"]
[EventType "team-swiss"]
[EventRounds "13"]
[EventCountry "RUS"]
[SourceTitle "CBM 068"]
[Source "ChessBase"]
[SourceDate "1999.02.01"]
[SourceVersion "1"]
[SourceVersionDate "1999.02.01"]
[SourceQuality "1"]
[WhiteTeam "Ireland"]
[BlackTeam "Azerbaijan"]
[WhiteTeamCountry "IRL"]
[BlackTeamCountry "AZE"]

1. e4 e5 2. Nf3 Nc6 3. Bb5 Nd4 4. Bc4 d6 5. Nxd4 exd4 6. 0-0 g6 7. c3 dxc3 8. Nxc3 Bg7 9. d4 c6 10. a4 Ne7 11. Bg5 0-0 12. Qd2 Kh8 13. d5 c5 14. a5 f6 15. Bf4 g5 16. Bg3 Ng6 17. a6 1/2-1/2

[Event "Olympiad-33"]
[Site "Elista"]
[Date "1998.09.30"]
[Round "2.4"]
[White "Kupreichik, Viktor D"]
[Black "Allahverdiyev, Anar"]
[Result "1/2-1/2"]
[WhiteElo "2505"]
[BlackElo "2455"]
[PlyCount "91"]
[EventDate "1998.09.29"]
[EventType "team-swiss"]
[EventRounds "13"]
[EventCountry "RUS"]
[SourceTitle "CBM 068"]
[Source "ChessBase"]
[SourceDate "1999.02.01"]
[SourceVersion "1"]
[SourceVersionDate "1999.02.01"]
[SourceQuality "1"]
[WhiteTeam "Belarus"]
[BlackTeam "Azerbaijan"]
[WhiteTeamCountry "BLR"]
[BlackTeamCountry "AZE"]

1. e4 e5 2. Nf3 Nc6 3. Bb5 a6 4. Ba4 Nf6 5. 0-0 Be7 6. Re1 b5 7. Bb3 0-0 8. a4 Bb7 9. d3 d6 10. c3 Nd7 11. Be3 Rb8 12. axb5 axb5 13. Na3 b4 14. Nc4 Qc8 15. Qd2 Nf6 16. Rec1 Ba6 17. cxb4 Nxb4 18. Nb6 Qb7 19. Qxb4 c5 20. Qa3 Qxb6 21. Bxf7+ Rxf7 22. Qxa6 Qxa6 23. Rxa6 Rxb2 24. Ng5 Rf8 25. Ra7 Re8 26. h3 h6 27. Nf3 Rb3 28. Rd1 Bf8 29. Kf1 Reb8 30. Rc7 Ne8 31. Rc6 Ra3 32. Ke2 Kf7 33. Nd2 Ra2 34. Kf3 Be7 35. Rb1 Rxb1 36. Nxb1 Bd8 37. Rc8 Ba5 38. Ra8 Ra1 39. Nd2 Bc3 40. Rxa1 Bxa1 41. h4 Bd4 42. Bxd4 cxd4 43. Nc4 Ke6 44. Nb6 Nf6 45. Ke2 d5 46. f3 1/2-1/2

[Event "AZE-ch qual"]
[Site "Baku"]
[Date "1998.??.??"]
[Round "?"]
[White "Allahverdiyev, Anar"]
[Black "Bayramov, Vougar"]
[Result "1-0"]
[WhiteElo "2460"]
[BlackElo "2290"]
[PlyCount "49"]
[EventDate "1998.??.??"]
[EventType "swiss"]
[EventRounds "9"]
[EventCountry "AZE"]
[SourceTitle "EXT 2000"]
[Source "ChessBase"]
[SourceDate "1999.11.16"]
[SourceVersion "1"]
[SourceVersionDate "1999.11.16"]
[SourceQuality "1"]

1. Nf3 Nf6 2. c4 d6 3. Nc3 e5 4. g3 Be7 5. Bg2 0-0 6. 0-0 c6 7. e4 a6 8. a4 a5 9. h3 Na6 10. d4 Qc7 11. Be3 Re8 12. Rc1 exd4 13. Nxd4 Nc5 14. Qc2 Bf8 15. Rfe1 g6 16. Rcd1 Qb6 17. f4 Bg7 18. Nxc6 bxc6 19. Rxd6 Rb8 20. e5 Nfd7 21. Bxc6 Re6 22. Nd5 Qa7 23. Qf2 Rxd6 24. exd6 Rxb2 25. Bxc5 1-0

[Event "Montanchez"]
[Site "Montanchez"]
[Date "1998.??.??"]
[Round "?"]
[White "Allahverdiyev, Anar"]
[Black "Estremera Panos, Sergio"]
[Result "1/2-1/2"]
[WhiteElo "2460"]
[BlackElo "2400"]
[PlyCount "93"]
[EventDate "1998.??.??"]
[EventType "tourn"]
[EventRounds "9"]
[EventCountry "ESP"]
[SourceTitle "EXT 2003"]
[Source "ChessBase"]
[SourceDate "2002.11.25"]
[SourceVersion "1"]
[SourceVersionDate "2002.11.25"]
[SourceQuality "1"]

1. c4 e6 2. Nf3 d5 3. g3 Nf6 4. Bg2 c6 5. b3 a5 6. Nc3 Nbd7 7. 0-0 Be7 8. d4 0-0 9. Bb2 b6 10. e4 Nxe4 11. Nxe4 dxe4 12. Ne5 Nxe5 13. dxe5 Bb7 14. Bxe4 Qxd1 15. Rfxd1 Rfd8 16. Bd4 Bc5 17. Bxc5 bxc5 18. Kf1 Kf8 19. Ke2 Ke7 20. Rxd8 Rxd8 21. Rd1 Rxd1 22. Kxd1 h6 23. Kd2 Kd7 24. h4 Ke7 25. Ke3 g6 26. f3 Kd7 27. Kf4 Ke7 28. g4 Ba8 29. Kg3 Bb7 30. f4 Ba8 31. Kf3 Bb7 32. Ke3 Ba8 33. Kd3 Bb7 34. Ke3 Ba8 35. f5 gxf5 36. gxf5 f6 37. Kf4 Bb7 38. fxe6 Kxe6 39. Bf5+ Ke7 40. Bh3 Ba6 41. Bg2 Ke6 42. exf6 Kxf6 43. Bxc6 Bc8 44. Ke4 Be6 45. Be8 Bg8 46. Bh5 Be6 47. Be2 1/2-1/2